Stephen R. Mallory correspondence, (Record no. 44401)
[ view plain ]
| 000 -LEADER | |
|---|---|
| fixed length control field | 01304cpcaa2200313 a 4500 |
| 001 - CONTROL NUMBER | |
| control field | mm 97006344 |
| 003 - CONTROL NUMBER IDENTIFIER | |
| control field | DLC |
| 005 - DATE AND TIME OF LATEST TRANSACTION | |
| control field | 20260227111726.0 |
| 008 - FIXED-LENGTH DATA ELEMENTS--GENERAL INFORMATION | |
| fixed length control field | 970103|||||||||||| eng |
| 010 ## - LIBRARY OF CONGRESS CONTROL NUMBER | |
| LC control number | mm 97006344 |
| 040 ## - CATALOGING SOURCE | |
| Original cataloging agency | DLC |
| Transcribing agency | DLC |
| Modifying agency | DLC |
| Description conventions | dacs |
| 072 #7 - SUBJECT CATEGORY CODE | |
| Subject category code | W |
| Source | lcmd |
| 100 1# - MAIN ENTRY--PERSONAL NAME | |
| Personal name | Mallory, Stephen R. |
| Fuller form of name | (Stephen Russell), |
| Dates associated with a name | 1813-1873. |
| 245 00 - TITLE STATEMENT | |
| Title | Stephen R. Mallory correspondence, |
| Inclusive dates | 1861. |
| 300 ## - PHYSICAL DESCRIPTION | |
| Extent | 1 |
| Type of unit | item. |
| 506 0# - RESTRICTIONS ON ACCESS NOTE | |
| Terms governing access | Open to research. |
| 520 8# - SUMMARY, ETC. | |
| Summary, etc. | Letter (7 May 1861) addressed to Mallory regarding a naval appointment. |
| 545 0# - BIOGRAPHICAL OR HISTORICAL DATA | |
| Biographical or historical data | U.S. senator from Florida, C.S.A. secretary of the navy, and lawyer. |
| 546 ## - LANGUAGE NOTE | |
| Language note | Collection material in English. |
| 580 ## - LINKING ENTRY COMPLEXITY NOTE | |
| Linking entry complexity note | Forms part of: Miscellaneous Manuscripts collection. |
| 583 ## - ACTION NOTE | |
| Action | Originally processed as part of the John Tyler Papers from which it was separated in 1997. |
| 610 10 - SUBJECT ADDED ENTRY--CORPORATE NAME | |
| Corporate name or jurisdiction name as entry element | Confederate States of America. |
| Subordinate unit | Navy. |
| 651 #0 - SUBJECT ADDED ENTRY--GEOGRAPHIC NAME | |
| Geographic name | United States |
| General subdivision | History |
| Chronological subdivision | Civil War, 1861-1865. |
| 656 #7 - INDEX TERM--OCCUPATION | |
| Occupation | Cabinet officers |
| Geographic subdivision | Confederate States of America. |
| Source of term | itoamc |
| 656 #7 - INDEX TERM--OCCUPATION | |
| Occupation | Lawyers. |
| Source of term | itoamc |
| 656 #7 - INDEX TERM--OCCUPATION | |
| Occupation | Senators, U.S. Congress |
| Geographic subdivision | Florida. |
| Source of term | itoamc |
No items available.